000 00564cam a22002171 4500
001 sa 66006255
003 DLC
005 20260227112255.0
008 890601s1965 ii 000 1 tamo
010 _asa 66006255
035 _a(OCoLC)19795914
040 _aDLC
_cWaU
_dDLC
050 0 0 _aGR305.5.T3
_bG6
100 1 _aKōvintan̲, Vai.,
_d1912-1966.
245 1 0 _aTamiḷnāṭṭup paḷaṅkataikaḷ.
260 _c[1965]
300 _aiv, 83 p.
_c18 cm.
500 _aIn Tamil.
650 0 _aTamil (Indic people)
_xFolklore.
650 0 _aTales
_zIndia.
999 _c70416
_d70416